000 00570nam a22001817a 4500
003 CEME
005 20210628201752.0
008 210208b xxu||||| |||| 00| 0 eng d
020 _a0-85296-924-4
040 _c.
082 _a621.3848 KLE
100 _aKlemm, Richard
_956745
245 _aApplications of space time adaptive processing
260 _aNEW YORK
_bTHE INSTITUTION OF ELECTRICAL ENGINEER
_c2004
300 _aXXXIV,919P
650 _aADAPTIVE SIGNAL PROCESSING, ADAPTIVE ANTENNAS, RADAR, SONAR.SPACE TIME ADAPTIVE PROCESSING
_956746
942 _cBK
_2ddc
999 _c567104
_d567104